Világ, jövő, ember

Elmentve itt :
Bibliográfiai részletek
Szerző: Bernád Ágoston
Adatforrás:Philobibl
Forrásdokumentuma:A Hét, 1976/45
4. p.
Dokumentumtípus: Cikk
Nyelv:magyar
Kulcsszavak:futurológia, antropológia
Bretter György
LEADER 00339nab a2200121 c 4500
001 bibDOK00016070
005 20200924121044.8
008 060518s1976 hu hun
100 1 |a Bernád Ágoston 
245 1 0 |a Világ, jövő, ember  |c Bernád Ágoston 
695 |a futurológia, antropológia 
695 |a Bretter György 
773 0 |t A Hét, 1976/45  |g 4. p.